LIBRARY ONLINE CATALOGUE

Voluntary food intake and diet selection in farm animals (Record no. 19116)

MARC details
000 -LEADER
fixed length control field 00502nam a22001817a 4500
008 - FIXED-LENGTH DATA ELEMENTS--GENERAL INFORMATION
fixed length control field 211109b |||||||| |||| 00| 0 eng d
020 ## - INTERNATIONAL STANDARD BOOK NUMBER
International Standard Book Number 1845932794
050 ## - LIBRARY OF CONGRESS CALL NUMBER
Classification number SF95
Item number .F67 2007 c.1
100 ## - MAIN ENTRY--PERSONAL NAME
Personal name Forbes, J. M.
245 ## - TITLE STATEMENT
Title Voluntary food intake and diet selection in farm animals
Statement of responsibility, etc. J. M. Fornes
250 ## - EDITION STATEMENT
Edition statement 2nd ed.
260 ## - PUBLICATION, DISTRIBUTION, ETC. (IMPRINT)
Place of publication, distribution, etc. UK
Name of publisher, distributor, etc. CABI
Date of publication, distribution, etc. 2007
300 ## - PHYSICAL DESCRIPTION
Extent viii, 453p.
650 ## - SUBJECT ADDED ENTRY--TOPICAL TERM
Topical term or geographic name as entry element Animal nutrition
650 ## - SUBJECT ADDED ENTRY--TOPICAL TERM
Topical term or geographic name as entry element Food preferences
650 ## - SUBJECT ADDED ENTRY--TOPICAL TERM
Topical term or geographic name as entry element Ingestion
Form subdivision Regulation
942 ## - ADDED ENTRY ELEMENTS (KOHA)
Source of classification or shelving scheme Library of Congress Classification
Koha item type General Collection
Holdings
Withdrawn status Lost status Source of classification or shelving scheme Not for loan Home library Current library Date acquired Cost, normal purchase price Total Checkouts Full call number Barcode Date last seen Price effective from Koha item type
    Library of Congress Classification   Kabarak, Main Campus Kabarak, Main Campus 09/11/2021 14013.00   SF95 .F67 2007 c.1 031169 09/11/2021 09/11/2021 General Collection
    Library of Congress Classification   Kabarak, Main Campus Kabarak, Main Campus 09/11/2021 14013.00   SF95 .F67 2007 c.2 031286 11/11/2021 09/11/2021 General Collection